书目信息 |
| 题名: |
突厥语言研究导论
|
|
| 作者: | 捷尼舍夫 著 ;陈鹏 译 | |
| 分册: | ||
| 出版信息: | 北京 中国社科出版社 1981.06 |
|
| 页数: | 620页 | |
| 开本: | 19cm | |
| 丛书名: | ||
| 单 册: | ||
| 中图分类: | H51 | |
| 科图分类: | ||
| 主题词: | 突厥语支 | |
| 电子资源: | ||
| ISBN: | ||
| 000 | 00616nam0 2200217 45 | |
| 001 | 0309240891 | |
| 005 | 20031219104115.1 | |
| 010 | @dCNY2.25 | |
| 091 | @a9190.019 | |
| 100 | @a20030924d1981 km y0chiy0120 ea | |
| 101 | 0 | @achi@crus |
| 105 | @a z 000yy | |
| 200 | 1 | @a突厥语言研究导论@ATu Jue Yu Yan Yan Jiu Dao Lun@f(苏)埃·捷尼舍夫著@F(Su)Ai·Jie Ni She Fu Zhu@g陈鹏译 |
| 210 | @a北京@c中国社科出版社@d1981.06 | |
| 215 | @a620页@d19cm | |
| 606 | 0 | @a突厥语支 |
| 690 | @aH51@v3 | |
| 701 | 0 | @a捷尼舍夫@4著 |
| 702 | 0 | @a陈鹏@AChen Peng@4译 |
| 801 | @aCN@bTSTC@c20030924 | |
| 905 | @f3@b228972-974@dH51@e1 | |
| 突厥语言研究导论/(苏)埃·捷尼舍夫著/陈鹏译.-北京:中国社科出版社,1981.06 |
| 620页;19cm |
| ISBN :CNY2.25 |
| ● |
| 相关链接 |
|
|
|
|
正题名:突厥语言研究导论
索取号:H51/1
 
预约/预借
| 序号 | 登录号 | 条形码 | 馆藏地/架位号 | 状态 | 备注 |
| 1 | 0228972 | 001846541 | 密集书库/ [索取号:H51/1] | 在馆 | |
| 2 | 0228973 | 001846532 | 密集书库/ [索取号:H51/1] | 在馆 | |
| 3 | 0228974 | 001846523 | 密集书库/ [索取号:H51/1] | 在馆 |